[Event "DEM U14w 2025"]
[Site "Willingen GER"]
[Date "2025.06.13"]
[Round "8"]
[White "Rössling, Laura Marie"]
[Black "Fettan, Nua"]
[Result "0-1"]
[Termination "normal"]
[Board "8"]
[WhiteElo "1760"]
[BlackElo "1576"]
[WhiteClock "00:04:08"]
[BlackClock "00:18:27"]
[PlyCount "66"]
[WhiteFideId "16289471"]
[BlackFideId "34637362"]
[EventCountry "GER"]
[EventRounds "9"]
[EventType "swiss"]
[EventDate "2025.06.07"]

1. e4 {[%clk 01:30:53]} {[%emt 00:00:07]} e5 {[%clk 01:30:39]} {[%emt
00:00:22]} 2. Nf3 {[%clk 01:31:11]} {[%emt 00:00:12]} Nc6 {[%clk 01:30:59]}
{[%emt 00:00:10]} 3. Bc4 {[%clk 01:31:32]} {[%emt 00:00:08]} Be7 {[%clk
01:31:22]} {[%emt 00:00:07]} 4. c3 {[%clk 01:26:41]} {[%emt 00:05:21]} d6
{[%clk 01:31:23]} {[%emt 00:00:29]} 5. d4 {[%clk 01:22:28]} {[%emt 00:04:44]}
Nf6 {[%clk 01:30:44]} {[%emt 00:01:09]} 6. d5 {[%clk 01:15:54]} {[%emt
00:07:04]} Nb8 {[%clk 01:31:02]} {[%emt 00:00:12]} 7. Bd3 {[%clk 01:15:02]}
{[%emt 00:01:22]} O-O {[%clk 01:29:40]} {[%emt 00:01:52]} 8. O-O {[%clk
01:13:39]} {[%emt 00:01:52]} h6 {[%clk 01:29:09]} {[%emt 00:01:02]} 9. h3
{[%clk 01:08:58]} {[%emt 00:05:11]} Nh7 {[%clk 01:29:09]} {[%emt 00:00:29]} 10.
Qc2 {[%clk 01:07:10]} {[%emt 00:02:19]} Ng5 {[%clk 01:21:00]} {[%emt 00:08:39]}
11. Nxg5 {[%clk 01:05:03]} {[%emt 00:02:37]} Bxg5 {[%clk 01:21:26]} {[%emt
00:00:04]} 12. c4 {[%clk 00:58:09]} {[%emt 00:07:23]} a5 {[%clk 01:19:03]}
{[%emt 00:02:53]} 13. Nc3 {[%clk 00:55:53]} {[%emt 00:02:46]} Na6 {[%clk
01:16:24]} {[%emt 00:03:10]} 14. a3 {[%clk 00:54:07]} {[%emt 00:02:16]} Nc5
{[%clk 01:14:29]} {[%emt 00:02:25]} 15. Be2 {[%clk 00:52:53]} {[%emt 00:01:44]}
a4 {[%clk 01:13:08]} {[%emt 00:01:51]} 16. Bxg5 {[%clk 00:46:17]} {[%emt
00:07:06]} Qxg5 {[%clk 01:10:42]} {[%emt 00:02:55]} 17. Kh1 {[%clk 00:45:36]}
{[%emt 00:01:11]} f5 {[%clk 01:09:22]} {[%emt 00:01:50]} 18. f3 {[%clk
00:39:59]} {[%emt 00:06:08]} f4 {[%clk 00:59:25]} {[%emt 00:10:26]} 19. Bd1
{[%clk 00:35:08]} {[%emt 00:05:21]} Rf6 {[%clk 00:52:29]} {[%emt 00:07:27]} 20.
Qe2 {[%clk 00:28:46]} {[%emt 00:06:51]} Rg6 {[%clk 00:48:11]} {[%emt 00:04:47]}
21. Bc2 {[%clk 00:26:19]} {[%emt 00:02:57]} Bd7 {[%clk 00:45:59]} {[%emt
00:02:43]} 22. Qf2 {[%clk 00:23:11]} {[%emt 00:03:38]} Rf8 {[%clk 00:40:34]}
{[%emt 00:05:49]} 23. Rg1 {[%clk 00:18:45]} {[%emt 00:05:01]} Rff6 {[%clk
00:35:47]} {[%emt 00:05:17]} 24. Raf1 {[%clk 00:13:17]} {[%emt 00:05:59]} Qh5
{[%clk 00:34:35]} {[%emt 00:01:42]} 25. Ne2 {[%clk 00:08:51]} {[%emt 00:04:57]}
Rg5 {[%clk 00:28:27]} {[%emt 00:06:36]} 26. Kh2 {[%clk 00:08:10]} {[%emt
00:01:12]} Rfg6 {[%clk 00:28:12]} {[%emt 00:00:45]} 27. Rh1 {[%clk 00:07:07]}
{[%emt 00:01:33]} Rg3 {[%clk 00:23:21]} {[%emt 00:05:21]} 28. Nxg3 {[%clk
00:04:37]} {[%emt 00:03:00]} fxg3+ {[%clk 00:20:34]} {[%emt 00:03:17]} 29. Qxg3
{[%clk 00:04:55]} {[%emt 00:00:11]} Rxg3 {[%clk 00:20:55]} {[%emt 00:00:10]}
30. Kxg3 {[%clk 00:05:19]} {[%emt 00:00:05]} Qg5+ {[%clk 00:18:18]} {[%emt
00:03:08]} 31. Kh2 {[%clk 00:05:02]} {[%emt 00:00:46]} Qd2 {[%clk 00:17:42]}
{[%emt 00:01:06]} 32. Rc1 {[%clk 00:04:26]} {[%emt 00:01:04]} Qf4+ {[%clk
00:18:04]} {[%emt 00:00:11]} 33. g3 {[%clk 00:04:08]} {[%emt 00:00:47]} Qd2+
{[%clk 00:18:27]} {[%emt 00:00:07]} 0-1

[Event "DEM U14w 2025"]
[Site "Willingen GER"]
[Date "2025.06.13"]
[Round "8"]
[White "Tu, Audrey"]
[Black "Frenzel, Qorianka"]
[Result "1-0"]
[Termination "normal"]
[Board "9"]
[WhiteElo "1753"]
[BlackElo "1650"]
[WhiteClock "00:32:41"]
[BlackClock "00:26:51"]
[PlyCount "105"]
[WhiteFideId "34628568"]
[BlackFideId "276294"]
[EventCountry "GER"]
[EventRounds "9"]
[EventType "swiss"]
[EventDate "2025.06.07"]

1. e4 {[%clk 01:30:59]} e5 {[%clk 01:30:54]} {[%emt 00:00:06]} 2. Nf3 {[%clk
01:31:25]} {[%emt 00:00:04]} Nc6 {[%clk 01:31:19]} {[%emt 00:00:05]} 3. Bb5
{[%clk 01:31:51]} {[%emt 00:00:05]} a6 {[%clk 01:31:45]} {[%emt 00:00:04]} 4.
Ba4 {[%clk 01:32:18]} {[%emt 00:00:03]} d6 {[%clk 01:32:09]} {[%emt 00:00:06]}
5. c3 {[%clk 01:32:24]} {[%emt 00:00:24]} f5 {[%clk 01:32:14]} {[%emt
00:00:24]} 6. d3 {[%clk 01:29:16]} {[%emt 00:03:39]} Be7 {[%clk 01:29:44]}
{[%emt 00:02:59]} 7. Nbd2 {[%clk 01:15:45]} {[%emt 00:14:02]} Nf6 {[%clk
01:25:28]} {[%emt 00:04:45]} 8. a3 {[%clk 01:03:51]} {[%emt 00:12:24]} Bd7
{[%clk 01:15:07]} {[%emt 00:10:51]} 9. Bb3 {[%clk 01:00:29]} {[%emt 00:03:53]}
fxe4 {[%clk 01:06:41]} {[%emt 00:08:55]} 10. Nxe4 {[%clk 00:55:59]} {[%emt
00:05:00]} Nxe4 {[%clk 01:05:56]} {[%emt 00:01:15]} 11. dxe4 {[%clk 00:56:20]}
{[%emt 00:00:08]} Bf6 {[%clk 01:04:04]} {[%emt 00:02:22]} 12. Ng5 {[%clk
00:47:09]} {[%emt 00:09:42]} Bxg5 {[%clk 00:46:02]} {[%emt 00:18:32]} 13. Qh5+
{[%clk 00:47:20]} {[%emt 00:00:18]} g6 {[%clk 00:46:04]} {[%emt 00:00:29]} 14.
Qxg5 {[%clk 00:47:43]} {[%emt 00:00:07]} Qe7 {[%clk 00:43:34]} {[%emt
00:02:59]} 15. O-O {[%clk 00:43:34]} {[%emt 00:04:40]} Qg7 {[%clk 00:29:56]}
{[%emt 00:14:07]} 16. Be3 {[%clk 00:34:05]} {[%emt 00:10:00]} h6 {[%clk
00:26:05]} {[%emt 00:04:21]} 17. Qh4 {[%clk 00:33:33]} {[%emt 00:01:00]} Ne7
{[%clk 00:20:54]} {[%emt 00:05:42]} 18. f4 {[%clk 00:30:50]} {[%emt 00:03:14]}
O-O-O {[%clk 00:17:24]} {[%emt 00:04:00]} 19. fxe5 {[%clk 00:27:32]} {[%emt
00:03:48]} g5 {[%clk 00:17:00]} {[%emt 00:00:54]} 20. Qh5 {[%clk 00:26:01]}
{[%emt 00:02:00]} dxe5 {[%clk 00:13:11]} {[%emt 00:04:20]} 21. Rf7 {[%clk
00:24:09]} {[%emt 00:02:22]} Qg6 {[%clk 00:13:00]} {[%emt 00:00:41]} 22. Qf3
{[%clk 00:21:40]} {[%emt 00:02:58]} Nc6 {[%clk 00:10:00]} {[%emt 00:03:30]} 23.
Rf6 {[%clk 00:19:01]} {[%emt 00:03:10]} Qg7 {[%clk 00:09:43]} {[%emt 00:00:47]}
24. Rf1 {[%clk 00:18:24]} {[%emt 00:01:08]} Na5 {[%clk 00:04:52]} {[%emt
00:05:21]} 25. Rf7 {[%clk 00:16:24]} {[%emt 00:02:29]} Qg6 {[%clk 00:05:09]}
{[%emt 00:00:13]} 26. Ba2 {[%clk 00:13:52]} {[%emt 00:03:02]} Bb5 {[%clk
00:04:24]} {[%emt 00:01:15]} 27. Qg4+ {[%clk 00:13:44]} {[%emt 00:00:38]} Bd7
{[%clk 00:03:16]} {[%emt 00:01:38]} 28. Rxd7 {[%clk 00:13:09]} {[%emt
00:01:04]} Rxd7 {[%clk 00:03:45]} {[%emt 00:00:02]} 29. Be6 {[%clk 00:13:23]}
{[%emt 00:00:17]} Qe8 {[%clk 00:04:06]} {[%emt 00:00:08]} 30. Rf7 {[%clk
00:12:21]} {[%emt 00:01:32]} Kb8 {[%clk 00:01:39]} {[%emt 00:02:58]} 31. Rxd7
{[%clk 00:12:20]} {[%emt 00:00:30]} h5 {[%clk 00:01:39]} {[%emt 00:00:30]} 32.
Qxg5 {[%clk 00:12:15]} {[%emt 00:00:32]} Nc6 {[%clk 00:01:00]} {[%emt
00:01:11]} 33. Bf5 {[%clk 00:10:34]} {[%emt 00:02:11]} Rg8 {[%clk 00:01:12]}
{[%emt 00:00:19]} 34. Rg7 {[%clk 00:10:29]} {[%emt 00:00:34]} Rf8 {[%clk
00:01:12]} {[%emt 00:00:31]} 35. h3 {[%clk 00:06:51]} {[%emt 00:04:08]} Qd8
{[%clk 00:00:32]} {[%emt 00:01:11]} 36. Qxd8+ {[%clk 00:06:59]} {[%emt
00:00:21]} Rxd8 {[%clk 00:00:56]} {[%emt 00:00:07]} 37. Rd7 {[%clk 00:06:56]}
{[%emt 00:00:32]} Rg8 {[%clk 00:01:00]} {[%emt 00:00:26]} 38. Be6 {[%clk
00:05:44]} {[%emt 00:01:42]} Rg3 {[%clk 00:00:44]} {[%emt 00:00:46]} 39. Bf2
{[%clk 00:06:06]} {[%emt 00:00:08]} Rg6 {[%clk 00:00:55]} {[%emt 00:00:18]} 40.
Bd5 {[%clk 00:06:23]} {[%emt 00:00:13]} Kc8 {[%clk 00:01:00]} {[%emt 00:00:26]}
41. Bxc6 {[%clk 00:06:15]} {[%emt 00:00:38]} bxc6 {[%clk 00:00:38]} {[%emt
00:00:52]} 42. Re7 {[%clk 00:06:17]} {[%emt 00:00:25]} Rg5 {[%clk 00:30:23]}
{[%emt 00:00:46]} 43. Be3 {[%clk 00:35:42]} {[%emt 00:01:05]} Rg3 {[%clk
00:30:25]} {[%emt 00:00:29]} 44. Kf2 {[%clk 00:35:11]} {[%emt 00:01:00]} h4
{[%clk 00:27:10]} {[%emt 00:03:46]} 45. Rxe5 {[%clk 00:35:24]} {[%emt
00:00:18]} Kb7 {[%clk 00:27:18]} {[%emt 00:00:22]} 46. Re8 {[%clk 00:34:56]}
{[%emt 00:00:57]} Rg7 {[%clk 00:27:15]} {[%emt 00:00:33]} 47. e5 {[%clk
00:34:56]} {[%emt 00:00:31]} Rf7+ {[%clk 00:27:28]} {[%emt 00:00:16]} 48. Kg1
{[%clk 00:34:49]} {[%emt 00:00:32]} Rd7 {[%clk 00:27:37]} {[%emt 00:00:26]} 49.
e6 {[%clk 00:33:06]} {[%emt 00:02:13]} Rd1+ {[%clk 00:27:07]} {[%emt 00:01:00]}
50. Kh2 {[%clk 00:33:11]} {[%emt 00:00:25]} Re1 {[%clk 00:27:08]} {[%emt
00:00:29]} 51. Bg5 {[%clk 00:32:34]} {[%emt 00:01:03]} Re4 {[%clk 00:27:21]}
{[%emt 00:00:21]} 52. e7 {[%clk 00:32:37]} {[%emt 00:00:27]} Re5 {[%clk
00:26:51]} {[%emt 00:01:01]} 53. Rg8 {[%clk 00:32:41]} {[%emt 00:00:26]} 1-0

[Event "DEM U14w 2025"]
[Site "Willingen GER"]
[Date "2025.06.13"]
[Round "8"]
[White "Albrecht, Sidney Jenna"]
[Black "Huang, Jasmin Shuya"]
[Result "1/2-1/2"]
[Termination "normal"]
[Board "10"]
[WhiteElo "1504"]
[BlackElo "1795"]
[WhiteClock "00:51:25"]
[BlackClock "00:09:54"]
[PlyCount "108"]
[WhiteFideId "34660283"]
[BlackFideId "533015694"]
[EventCountry "GER"]
[EventRounds "9"]
[EventType "swiss"]
[EventDate "2025.06.07"]

1. c4 {[%clk 01:30:58]} {[%emt 00:00:02]} e6 {[%clk 01:30:56]} {[%emt
00:00:04]} 2. g3 {[%clk 01:31:21]} {[%emt 00:00:07]} Nf6 {[%clk 01:31:14]}
{[%emt 00:00:13]} 3. Bg2 {[%clk 01:31:37]} {[%emt 00:00:13]} d5 {[%clk
01:31:03]} {[%emt 00:00:42]} 4. Nf3 {[%clk 01:31:44]} {[%emt 00:00:23]} Bd6
{[%clk 01:29:31]} {[%emt 00:02:03]} 5. O-O {[%clk 01:31:27]} {[%emt 00:00:46]}
O-O {[%clk 01:29:48]} {[%emt 00:00:13]} 6. b3 {[%clk 01:31:17]} {[%emt
00:00:40]} b6 {[%clk 01:27:19]} {[%emt 00:03:00]} 7. Bb2 {[%clk 01:29:47]}
{[%emt 00:02:00]} Bb7 {[%clk 01:27:25]} {[%emt 00:00:24]} 8. Nc3 {[%clk
01:27:02]} {[%emt 00:03:14]} c5 {[%clk 01:25:17]} {[%emt 00:02:38]} 9. cxd5
{[%clk 01:24:48]} {[%emt 00:02:44]} Nxd5 {[%clk 01:25:03]} {[%emt 00:00:43]}
10. Nxd5 {[%clk 01:24:25]} {[%emt 00:00:53]} Bxd5 {[%clk 01:25:06]} {[%emt
00:00:27]} 11. Rc1 {[%clk 01:22:41]} {[%emt 00:02:14]} f6 {[%clk 01:19:03]}
{[%emt 00:06:33]} 12. d4 {[%clk 01:18:12]} {[%emt 00:04:59]} Nc6 {[%clk
01:14:44]} {[%emt 00:04:50]} 13. Re1 {[%clk 01:13:15]} {[%emt 00:05:27]} Be4
{[%clk 01:13:16]} {[%emt 00:01:58]} 14. Qd2 {[%clk 01:06:39]} {[%emt 00:07:05]}
Qe7 {[%clk 01:08:39]} {[%emt 00:05:08]} 15. Qe3 {[%clk 01:01:22]} {[%emt
00:05:47]} Bd5 {[%clk 01:07:54]} {[%emt 00:01:15]} 16. Qd2 {[%clk 00:56:58]}
{[%emt 00:04:54]} Nxd4 {[%clk 00:48:59]} {[%emt 00:19:25]} 17. Nxd4 {[%clk
00:55:26]} {[%emt 00:02:01]} cxd4 {[%clk 00:48:49]} {[%emt 00:00:40]} 18. Bxd5
{[%clk 00:54:24]} {[%emt 00:01:33]} exd5 {[%clk 00:49:03]} {[%emt 00:00:17]}
19. Qxd4 {[%clk 00:54:19]} {[%emt 00:00:34]} Qe4 {[%clk 00:46:01]} {[%emt
00:03:31]} 20. Qxe4 {[%clk 00:51:07]} {[%emt 00:03:43]} dxe4 {[%clk 00:46:11]}
{[%emt 00:00:20]} 21. Red1 {[%clk 00:49:51]} {[%emt 00:01:46]} Bc5 {[%clk
00:39:59]} {[%emt 00:06:42]} 22. Bd4 {[%clk 00:44:57]} {[%emt 00:05:24]} Ba3
{[%clk 00:36:12]} {[%emt 00:04:16]} 23. Rc2 {[%clk 00:43:32]} {[%emt 00:01:56]}
Rac8 {[%clk 00:28:49]} {[%emt 00:07:52]} 24. Rxc8 {[%clk 00:42:28]} {[%emt
00:01:34]} Rxc8 {[%clk 00:29:15]} {[%emt 00:00:06]} 25. Be3 {[%clk 00:41:59]}
{[%emt 00:00:59]} Bc5 {[%clk 00:23:54]} {[%emt 00:05:51]} 26. Rc1 {[%clk
00:38:41]} {[%emt 00:03:47]} Rc7 {[%clk 00:22:32]} {[%emt 00:01:52]} 27. Bxc5
{[%clk 00:37:20]} {[%emt 00:01:51]} Rxc5 {[%clk 00:22:17]} {[%emt 00:00:45]}
28. Rxc5 {[%clk 00:36:47]} {[%emt 00:01:03]} bxc5 {[%clk 00:22:45]} {[%emt
00:00:02]} 29. f3 {[%clk 00:36:23]} {[%emt 00:00:54]} exf3 {[%clk 00:20:57]}
{[%emt 00:02:18]} 30. exf3 {[%clk 00:36:45]} {[%emt 00:00:08]} Kf7 {[%clk
00:20:52]} {[%emt 00:00:35]} 31. Kf2 {[%clk 00:36:53]} {[%emt 00:00:22]} Ke6
{[%clk 00:17:55]} {[%emt 00:03:27]} 32. Ke3 {[%clk 00:36:51]} {[%emt 00:00:31]}
Ke5 {[%clk 00:16:31]} {[%emt 00:01:55]} 33. Kd3 {[%clk 00:36:32]} {[%emt
00:00:49]} Kd5 {[%clk 00:16:28]} {[%emt 00:00:33]} 34. Kc3 {[%clk 00:35:16]}
{[%emt 00:01:46]} a5 {[%clk 00:14:09]} {[%emt 00:02:50]} 35. a4 {[%clk
00:34:02]} {[%emt 00:01:43]} h6 {[%clk 00:08:31]} {[%emt 00:06:08]} 36. Kd3
{[%clk 00:32:20]} {[%emt 00:02:12]} g6 {[%clk 00:06:18]} {[%emt 00:02:43]} 37.
h3 {[%clk 00:30:21]} {[%emt 00:02:29]} h5 {[%clk 00:04:21]} {[%emt 00:02:27]}
38. g4 {[%clk 00:29:48]} {[%emt 00:01:02]} hxg4 {[%clk 00:01:01]} {[%emt
00:03:51]} 39. hxg4 {[%clk 00:29:53]} {[%emt 00:00:25]} g5 {[%clk 00:00:53]}
{[%emt 00:00:38]} 40. Kc3 {[%clk 00:28:57]} {[%emt 00:01:26]} Ke5 {[%clk
00:00:57]} {[%emt 00:00:27]} 41. Kc4 {[%clk 00:27:47]} {[%emt 00:01:40]} Kf4
{[%clk 00:00:47]} {[%emt 00:00:39]} 42. Kxc5 {[%clk 00:27:26]} {[%emt
00:00:51]} Kxf3 {[%clk 00:01:08]} {[%emt 00:00:09]} 43. b4 {[%clk 00:27:17]}
{[%emt 00:00:40]} axb4 {[%clk 00:25:51]} {[%emt 00:05:47]} 44. Kxb4 {[%clk
00:57:37]} {[%emt 00:00:09]} Kxg4 {[%clk 00:25:39]} {[%emt 00:00:42]} 45. a5
{[%clk 00:57:58]} {[%emt 00:00:10]} f5 {[%clk 00:22:46]} {[%emt 00:03:22]} 46.
a6 {[%clk 00:58:20]} {[%emt 00:00:09]} f4 {[%clk 00:23:10]} {[%emt 00:00:05]}
47. a7 {[%clk 00:58:46]} {[%emt 00:00:04]} f3 {[%clk 00:23:29]} {[%emt
00:00:11]} 48. a8=Q {[%clk 00:59:08]} {[%emt 00:00:09]} Kg3 {[%clk 00:23:50]}
{[%emt 00:00:08]} 49. Qa3 {[%clk 00:58:57]} {[%emt 00:00:42]} g4 {[%clk
00:23:37]} {[%emt 00:00:43]} 50. Kc4 {[%clk 00:56:37]} {[%emt 00:02:50]} Kg2
{[%clk 00:17:51]} {[%emt 00:06:15]} 51. Kd4 {[%clk 00:54:32]} {[%emt 00:02:35]}
f2 {[%clk 00:14:06]} {[%emt 00:04:15]} 52. Qa8+ {[%clk 00:51:56]} {[%emt
00:03:06]} Kg1 {[%clk 00:10:25]} {[%emt 00:04:11]} 53. Qg8 {[%clk 00:51:07]}
{[%emt 00:01:19]} f1=Q {[%clk 00:10:11]} {[%emt 00:00:44]} 54. Qxg4+ {[%clk
00:51:25]} {[%emt 00:00:12]} Qg2 {[%clk 00:09:54]} {[%emt 00:00:48]} 1/2-1/2

[Event "DEM U14w 2025"]
[Site "Willingen GER"]
[Date "2025.06.13"]
[Round "8"]
[White "Shakhimardanova, Nigina"]
[Black "Briese, Sophie"]
[Result "0-1"]
[Termination "normal"]
[Board "11"]
[WhiteElo "1534"]
[BlackElo "1499"]
[WhiteClock "01:00:39"]
[BlackClock "00:07:32"]
[PlyCount "90"]
[WhiteFideId "34648437"]
[BlackFideId "34660305"]
[EventCountry "GER"]
[EventRounds "9"]
[EventType "swiss"]
[EventDate "2025.06.07"]

1. e4 {[%clk 01:30:58]} c5 {[%clk 01:30:55]} {[%emt 00:00:06]} 2. Nf3 {[%clk
01:31:24]} {[%emt 00:00:03]} e6 {[%clk 01:31:16]} {[%emt 00:00:10]} 3. d4
{[%clk 01:31:51]} {[%emt 00:00:03]} cxd4 {[%clk 01:31:41]} {[%emt 00:00:05]} 4.
Nxd4 {[%clk 01:32:13]} {[%emt 00:00:07]} a6 {[%clk 01:31:54]} {[%emt 00:00:18]}
5. c4 {[%clk 01:32:24]} {[%emt 00:00:18]} Nf6 {[%clk 01:30:42]} {[%emt
00:01:43]} 6. Nc3 {[%clk 01:32:30]} {[%emt 00:00:23]} Qc7 {[%clk 01:29:08]}
{[%emt 00:02:05]} 7. Be2 {[%clk 01:28:49]} {[%emt 00:04:10]} Bb4 {[%clk
01:23:39]} {[%emt 00:05:59]} 8. Qd3 {[%clk 01:27:51]} {[%emt 00:01:28]} Nc6
{[%clk 01:21:05]} {[%emt 00:03:05]} 9. Nxc6 {[%clk 01:26:24]} {[%emt 00:01:56]}
bxc6 {[%clk 01:20:37]} {[%emt 00:00:58]} 10. Bg5 {[%clk 01:26:04]} {[%emt
00:00:50]} Be7 {[%clk 01:17:31]} {[%emt 00:03:37]} 11. Qe3 {[%clk 01:23:20]}
{[%emt 00:03:13]} Qd8 {[%clk 01:13:05]} {[%emt 00:04:56]} 12. e5 {[%clk
01:22:06]} {[%emt 00:01:45]} Nd5 {[%clk 01:12:19]} {[%emt 00:01:16]} 13. cxd5
{[%clk 01:21:05]} {[%emt 00:01:31]} Bxg5 {[%clk 01:12:27]} {[%emt 00:00:21]}
14. f4 {[%clk 01:21:29]} {[%emt 00:00:07]} Be7 {[%clk 01:05:25]} {[%emt
00:07:32]} 15. d6 {[%clk 01:21:52]} {[%emt 00:00:08]} Bf8 {[%clk 01:05:45]}
{[%emt 00:00:10]} 16. Na4 {[%clk 01:21:25]} {[%emt 00:00:56]} Qa5+ {[%clk
01:05:26]} {[%emt 00:00:49]} 17. Nc3 {[%clk 01:21:40]} {[%emt 00:00:14]} g6
{[%clk 01:02:42]} {[%emt 00:03:14]} 18. Kf2 {[%clk 01:20:14]} {[%emt 00:01:56]}
Bg7 {[%clk 00:59:45]} {[%emt 00:03:28]} 19. a3 {[%clk 01:19:37]} {[%emt
00:01:08]} Rb8 {[%clk 00:56:27]} {[%emt 00:03:46]} 20. b4 {[%clk 01:20:03]}
{[%emt 00:00:05]} Qb6 {[%clk 00:56:45]} {[%emt 00:00:09]} 21. Qxb6 {[%clk
01:20:28]} {[%emt 00:00:08]} Rxb6 {[%clk 00:57:04]} {[%emt 00:00:11]} 22. Na4
{[%clk 01:20:53]} {[%emt 00:00:04]} Rb8 {[%clk 00:55:54]} {[%emt 00:01:41]} 23.
Nc5 {[%clk 01:21:15]} {[%emt 00:00:08]} Bh6 {[%clk 00:52:41]} {[%emt 00:03:42]}
24. Kf3 {[%clk 01:21:05]} {[%emt 00:00:40]} Ra8 {[%clk 00:51:04]} {[%emt
00:02:06]} 25. h4 {[%clk 01:21:05]} {[%emt 00:00:32]} O-O {[%clk 00:49:21]}
{[%emt 00:02:12]} 26. g4 {[%clk 01:21:26]} {[%emt 00:00:09]} Bg7 {[%clk
00:45:47]} {[%emt 00:04:05]} 27. h5 {[%clk 01:21:34]} {[%emt 00:00:22]} a5
{[%clk 00:43:40]} {[%emt 00:02:37]} 28. Bd3 {[%clk 01:19:58]} {[%emt 00:02:05]}
f5 {[%clk 00:37:30]} {[%emt 00:06:40]} 29. h6 {[%clk 01:19:22]} {[%emt
00:01:06]} fxg4+ {[%clk 00:37:06]} {[%emt 00:00:55]} 30. Kxg4 {[%clk 01:19:42]}
{[%emt 00:00:09]} Bh8 {[%clk 00:36:01]} {[%emt 00:01:36]} 31. Kg5 {[%clk
01:19:55]} {[%emt 00:00:16]} Ra7 {[%clk 00:28:46]} {[%emt 00:07:46]} 32. Bxg6
{[%clk 01:19:56]} {[%emt 00:00:28]} hxg6 {[%clk 00:26:34]} {[%emt 00:02:42]}
33. Kxg6 {[%clk 01:20:17]} {[%emt 00:00:09]} Rf5 {[%clk 00:23:39]} {[%emt
00:03:26]} 34. Rag1 {[%clk 01:14:34]} {[%emt 00:06:12]} axb4 {[%clk 00:20:00]}
{[%emt 00:04:10]} 35. h7+ {[%clk 01:14:40]} {[%emt 00:00:23]} Kf8 {[%clk
00:20:02]} {[%emt 00:00:28]} 36. axb4 {[%clk 01:13:59]} {[%emt 00:01:11]} Rf7
{[%clk 00:19:05]} {[%emt 00:01:27]} 37. Kh6 {[%clk 01:11:30]} {[%emt 00:02:59]}
Rg7 {[%clk 00:18:24]} {[%emt 00:01:12]} 38. Rg5 {[%clk 01:08:16]} {[%emt
00:03:43]} Ra3 {[%clk 00:17:21]} {[%emt 00:01:29]} 39. Ne4 {[%clk 01:02:21]}
{[%emt 00:06:29]} Rf3 {[%clk 00:15:12]} {[%emt 00:02:39]} 40. Rh4 {[%clk
01:00:31]} {[%emt 00:02:19]} Ba6 {[%clk 00:14:00]} {[%emt 00:01:44]} 41. Nf6
{[%clk 00:59:56]} {[%emt 00:01:04]} Rxg5 {[%clk 00:12:41]} {[%emt 00:01:49]}
42. fxg5 {[%clk 01:00:18]} {[%emt 00:00:08]} Kf7 {[%clk 00:09:15]} {[%emt
00:03:55]} 43. Nxd7 {[%clk 01:00:29]} {[%emt 00:00:20]} Rg3 {[%clk 00:08:11]}
{[%emt 00:01:35]} 44. Nc5 {[%clk 01:00:29]} {[%emt 00:00:30]} Bg7+ {[%clk
00:07:20]} {[%emt 00:01:21]} 45. Kh5 {[%clk 01:00:39]} {[%emt 00:00:20]} Be2+
{[%clk 00:07:32]} {[%emt 00:00:18]} 0-1